[Event "Open de Otoño Fundación CajaCanarias"]
[Site "Santa Cruz de Tenerife ESP"]
[Date "2014.11.12"]
[Round "8.16"]
[White "De La Rosa Baez, Carlos"]
[Black "Febles Dominguez, Alfonso Jesu"]
[Result "1-0"]
[WhiteElo "1326"]
[BlackElo "1379"]
[PlyCount "95"]
[EventDate "2014.10.27"]
[EventType "swiss"]
[EventRounds "9"]
[EventCountry "ESP"]
[Source "lmi"]
[SourceDate "2014.10.27"]

1. c4 Nf6 2. g3 Nc6 3. Bg2 e6 4. Nc3 Bc5 5. Nf3 O-O 6. O-O Re8 7. d4 Bb6 8. a3
a6 9. Bf4 d6 10. Re1 Nxd4 11. Nxd4 e5 12. Bxe5 Rxe5 13. Nf3 Rh5 14. Qd3 Ng4 15.
Ne4 Bf5 16. e3 Qe7 17. Nd4 Bg6 18. h3 Nf6 19. Nxf6+ Qxf6 20. Qe2 c6 21. Rad1
Re8 22. Rd2 c5 23. Nb3 Qe7 24. Qf3 Rb8 25. Red1 Bc7 26. Qe2 Re5 27. Bd5 Bh5 28.
Bf3 Bg6 29. Bd5 Be4 30. Qg4 Bf5 31. Qf3 Bxh3 32. Bxb7 a5 33. Rd5 Rxb7 34. Rxe5
Qxe5 35. Qxb7 Qe7 36. Nxa5 Qd8 37. Nc6 Qd7 38. Qa8+ Bd8 39. Qxd8+ Qxd8 40. Nxd8
h6 41. Rxd6 Bg4 42. a4 Bf3 43. a5 h5 44. a6 g5 45. a7 Ba8 46. Rb6 h4 47. gxh4
gxh4 48. Rb8 1-0

[Event "Open de Otoño Fundación CajaCanarias"]
[Site "Santa Cruz de Tenerife ESP"]
[Date "2014.11.12"]
[Round "8.17"]
[White "Medina Sanchez, Gines"]
[Black "Gonzalez Moreno, Juan Carlos"]
[Result "1-0"]
[WhiteElo "1740"]
[BlackElo "1714"]
[PlyCount "69"]
[EventDate "2014.10.27"]
[EventType "swiss"]
[EventRounds "9"]
[EventCountry "ESP"]
[Source "lmi"]
[SourceDate "2014.10.27"]

1. e4 d5 2. exd5 Qxd5 3. Nc3 Qa5 4. d4 Nf6 5. Bd2 Bg4 6. Be2 Bxe2 7. Qxe2 Qb6
8. O-O-O Nbd7 9. Nf3 h6 10. Rhe1 c6 11. Qc4 e6 12. Ne5 Qb4 13. Qd3 Qd6 14. f4
Be7 15. Nc4 Qc7 16. f5 exf5 17. Qe2 Nb6 18. Ne3 g6 19. d5 Nbxd5 20. Nexd5 cxd5
21. Nb5 Qd7 22. Bc3 Kf8 23. Qe5 a6 24. Nc7 Rh7 25. Nxa8 Ne4 26. Nb6 Qc6 27.
Nxd5 Bg5+ 28. Kb1 f6 29. Qe7+ Rxe7 30. Bb4 Kf7 31. Nxe7 Qb5 32. Nd5 a5 33. Ba3
Nd2+ 34. Rxd2 Bxd2 35. Re7+ 1-0

[Event "Open de Otoño Fundación CajaCanarias"]
[Site "Santa Cruz de Tenerife ESP"]
[Date "2014.11.12"]
[Round "8.18"]
[White "Diaz Reyes, Franklin"]
[Black "Chirinos Rodriguez, Jonathan E"]
[Result "0-1"]
[WhiteElo "1299"]
[BlackElo "1538"]
[PlyCount "96"]
[EventDate "2014.10.27"]
[EventType "swiss"]
[EventRounds "9"]
[EventCountry "ESP"]
[Source "lmi"]
[SourceDate "2014.10.27"]

1. e4 c6 2. d4 d5 3. exd5 cxd5 4. Nf3 Nc6 5. Nc3 Bg4 6. Be2 Nf6 7. O-O e6 8. h3
Bh5 9. Bg5 Be7 10. Qd2 O-O 11. Rfe1 h6 12. Bh4 Qb6 13. Rad1 Bg6 14. Qc1 Rfe8
15. Bd3 Bh5 16. Bb5 Bxf3 17. Bxc6 bxc6 18. gxf3 Rab8 19. b3 Qc7 20. Bg3 Bd6 21.
Ne2 c5 22. Bxd6 Qxd6 23. Qf4 Qxf4 24. Nxf4 cxd4 25. Rxd4 e5 26. Rxd5 exf4 27.
Rxe8+ Rxe8 28. Ra5 Rc8 29. c4 Rc7 30. Kf1 Nd7 31. Ke2 Kf8 32. h4 g6 33. Kd3
Nc5+ 34. Kd4 Ne6+ 35. Ke4 Ke7 36. Re5 Rc5 37. Rxc5 Nxc5+ 38. Kxf4 Nd3+ 39. Ke3
Nc1 40. Kd4 Nxa2 41. c5 Kd7 42. Ke5 Nb4 43. Kd4 Ke6 44. Kc4 Nc6 45. b4 a6 46.
Kc3 Kd5 47. Kd3 Nxb4+ 48. Kc3 Kxc5 0-1

[Event "Open de Otoño Fundación CajaCanarias"]
[Site "Santa Cruz de Tenerife ESP"]
[Date "2014.11.12"]
[Round "8.20"]
[White "Brito Rodriguez, Cristian"]
[Black "Martinez Morina, Manel"]
[Result "1/2-1/2"]
[WhiteElo "1389"]
[BlackElo "1826"]
[PlyCount "114"]
[EventDate "2014.10.27"]
[EventType "swiss"]
[EventRounds "9"]
[EventCountry "ESP"]
[Source "lmi"]
[SourceDate "2014.10.27"]

1. d4 d5 2. c4 e6 3. Nc3 Nf6 4. Bf4 Be7 5. e3 O-O 6. Nf3 c5 7. cxd5 Nxd5 8.
Nxd5 Qxd5 9. Qc2 cxd4 10. exd4 Bb4+ 11. Bd2 Nc6 12. Bc4 Bxd2+ 13. Kxd2 Qa5+ 14.
Qc3 Qxc3+ 15. bxc3 b6 16. Rhe1 Bb7 17. h4 Rac8 18. Bd3 Ne7 19. Be4 Ba6 20. g4
Rfd8 21. Ne5 Nd5 22. Bxd5 Rxd5 23. f4 Ra5 24. h5 Bb7 25. g5 Bd5 26. a3 Rb5 27.
Rab1 Rxb1 28. Rxb1 Rc7 29. g6 hxg6 30. hxg6 f6 31. Nd3 Be4 32. Re1 Bf5 33. Nb4
a5 34. Nc2 Rc6 35. d5 Rd6 36. c4 Bxg6 37. Rxe6 Rxe6 38. dxe6 Kf8 39. Nd4 Ke7
40. f5 Be8 41. Ke3 g6 42. fxg6 Bxg6 43. Kd2 Kd6 44. Kc3 Ke5 45. e7 Be8 46. c5
bxc5 47. Nb3 Kd6 48. Nxa5 Kxe7 49. Kc4 Kd6 50. Nb7+ Kc6 51. Nxc5 f5 52. Kb4 Bh5
53. a4 Be2 54. Ne6 Kb6 55. a5+ Ka7 56. Nf4 Bf3 57. Kc3 Ka6 1/2-1/2

[Event "Open de Otoño Fundación CajaCanarias"]
[Site "Santa Cruz de Tenerife ESP"]
[Date "2014.11.12"]
[Round "8.22"]
[White "Perez Perez, Gabriel"]
[Black "Redondo Terron, Eva"]
[Result "1-0"]
[WhiteElo "1534"]
[BlackElo "1029"]
[PlyCount "123"]
[EventDate "2014.10.27"]
[EventType "swiss"]
[EventRounds "9"]
[EventCountry "ESP"]
[Source "lmi"]
[SourceDate "2014.10.27"]

1. e4 e5 2. Nf3 Nc6 3. Bb5 d6 4. O-O Bd7 5. d3 Be7 6. Nc3 Nf6 7. Ne2 O-O 8. Ng3
a6 9. Bxc6 Bxc6 10. Nf5 Re8 11. Bg5 Bf8 12. Qd2 Bd7 13. Ng3 Bg4 14. Ne1 g6 15.
h3 Be6 16. c3 Bg7 17. Nc2 a5 18. a4 Qd7 19. Kh2 b6 20. f4 h6 21. fxe5 hxg5 22.
exf6 Bh6 23. Nd4 Kh7 24. Nxe6 Qxe6 25. Nh1 Qe5+ 26. Ng3 g4 27. Qe2 gxh3 28.
gxh3 Bg5 29. Qf3 Re6 30. d4 Qxf6 31. Qxf6 Bxf6 32. e5 dxe5 33. dxe5 Bxe5 34.
Rxf7+ Kh6 35. Raf1 Bxg3+ 36. Kxg3 Re3+ 37. R1f3 Re2 38. Rf2 Re3+ 39. Kg2 c6 40.
Rb7 b5 41. axb5 cxb5 42. Rxb5 a4 43. Rf3 Re2+ 44. Rf2 Re3 45. Rf3 Re2+ 46. Kg3
a3 47. bxa3 Rxa3 48. c4 Ra4 49. Rc3 Re4 50. Rc5 Rd4 51. Rc7 g5 52. c5 Kh5 53.
c6 Rh4 54. Rh7+ Kg6 55. Rxh4 gxh4+ 56. Kf3 Ra8 57. Kg4 Ra4+ 58. Kf3 Ra8 59. c7
Rc8 60. Ke4 Re8+ 61. Kd5 Rc8 62. Kd6 1-0

[Event "Open de Otoño Fundación CajaCanarias"]
[Site "Santa Cruz de Tenerife ESP"]
[Date "2014.11.12"]
[Round "8.23"]
[White "Bernardez Gonzalez, Roberto"]
[Black "Gonzalez Diaz, Eusebio"]
[Result "1-0"]
[WhiteElo "1420"]
[BlackElo "1440"]
[PlyCount "80"]
[EventDate "2014.10.27"]
[EventType "swiss"]
[EventRounds "9"]
[EventCountry "ESP"]
[Source "lmi"]
[SourceDate "2014.10.27"]

1. d4 e6 2. Nf3 d5 3. Bf4 Bd6 4. Bg3 Ne7 5. e3 Nbc6 6. Nbd2 Nf5 7. Bxd6 Nxd6 8.
c3 Bd7 9. Bd3 a6 10. Qc2 f5 11. a3 b5 12. Nb3 Nb7 13. Nfd2 Nd6 14. O-O Qe7 15.
Nc5 Bc8 16. Rfe1 O-O 17. f3 Rf6 18. e4 fxe4 19. fxe4 Rh6 20. exd5 Qh4 21. Nf3
Qg4 22. dxc6 Nf5 23. Bxf5 exf5 24. Qe2 Qg6 25. Qe8+ Qxe8 26. Rxe8+ Kf7 27. Rae1
Rxc6 28. Ne5+ Kxe8 29. Nxc6+ Kf7 30. Re7+ Kf6 31. Rxc7 f4 32. Ne7 Bg4 33. Nd5+
Kg6 34. Rc6+ Kg5 35. Ne6+ Bxe6 36. Rxe6 Kf5 37. Re5+ Kg4 38. h3+ Kh4 39. Nxf4
g5 40. Ne2 h5 1-0

[Event "Open de Otoño Fundación CajaCanarias"]
[Site "Santa Cruz de Tenerife ESP"]
[Date "2014.11.12"]
[Round "8.26"]
[White "Diaz Reyes, Killian"]
[Black "Perez Garcia, Jimena"]
[Result "1-0"]
[WhiteElo "1139"]
[BlackElo "1120"]
[PlyCount "68"]
[EventDate "2014.10.27"]
[EventType "swiss"]
[EventRounds "9"]
[EventCountry "ESP"]
[Source "lmi"]
[SourceDate "2014.10.27"]

1. e4 c5 2. Nf3 d6 3. Nc3 a6 4. d4 cxd4 5. Nxd4 Nf6 6. Bd3 e5 7. Nf3 Be7 8. O-O
O-O 9. Bg5 Nbd7 10. Qd2 Qb6 11. b3 h6 12. Be3 Qc7 13. h3 b5 14. Be2 Bb7 15. Bd3
Nc5 16. Bxc5 Qxc5 17. Rfe1 Rac8 18. Nd1 Rfd8 19. Qe3 Qc7 20. Re2 d5 21. exd5
Rxd5 22. Nxe5 Re8 23. Nf3 Qc6 24. Kf1 Bb4 25. Qf4 Rxe2 26. Bxe2 Rg5 27. Qxb4
Rc5 28. Qd2 Rxc2 29. Qd8+ Ne8 30. Qd3 Rc5 31. Qe3 Nc7 32. Bd3 Qf6 33. Rb1 Rh5
34. Rc1 Qd6 1-0

[Event "Open de Otoño Fundación CajaCanarias"]
[Site "Santa Cruz de Tenerife ESP"]
[Date "2014.11.14"]
[Round "9.2"]
[White "Hernandez Leon, Alberto"]
[Black "Tatai, Stefano"]
[Result "1/2-1/2"]
[WhiteElo "2236"]
[BlackElo "2331"]
[PlyCount "77"]
[EventDate "2014.10.27"]
[EventType "swiss"]
[EventRounds "9"]
[EventCountry "ESP"]
[Source "lmi"]
[SourceDate "2014.10.27"]

1. Nf3 Nf6 2. c4 c5 3. g3 d5 4. cxd5 Nxd5 5. Nc3 Nc6 6. Bg2 Nc7 7. O-O e5 8. d3
Be7 9. Be3 f6 10. Rc1 Bd7 11. Nd2 O-O 12. a4 Rb8 13. Nc4 b6 14. f4 exf4 15.
Bxf4 g5 16. Bd2 Nb4 17. Ne3 f5 18. Ned5 Nbxd5 19. Nxd5 Nxd5 20. Bxd5+ Kg7 21.
Bc3+ Bf6 22. Qd2 Bxc3 23. Qxc3+ Qf6 24. a5 Rbe8 25. axb6 axb6 26. Qxf6+ Rxf6
27. e4 fxe4 28. dxe4 Bh3 29. Rxf6 Kxf6 30. Kf2 Ke5 31. b4 cxb4 32. Rc7 Kd4 33.
Rxh7 Rf8+ 34. Rf7 Rxf7+ 35. Bxf7 Kxe4 36. Ke2 Kd4 37. Kd2 Kc5 38. Kc1 Kb5 39.
Kb2 1/2-1/2

[Event "Open de Otoño Fundación CajaCanarias"]
[Site "Santa Cruz de Tenerife ESP"]
[Date "2014.11.14"]
[Round "9.3"]
[White "Korneev Leskova, Svyatoslav"]
[Black "Hidalgo Santana, Fernando"]
[Result "1-0"]
[WhiteElo "2075"]
[BlackElo "2220"]
[PlyCount "71"]
[EventDate "2014.10.27"]
[EventType "swiss"]
[EventRounds "9"]
[EventCountry "ESP"]
[Source "lmi"]
[SourceDate "2014.10.27"]

1. c4 e5 2. g3 c6 3. Bg2 Nf6 4. Nf3 d6 5. Nc3 Be7 6. O-O O-O 7. h3 h6 8. e4 Be6
9. b3 c5 10. d3 Qd7 11. Kh2 Nc6 12. Be3 Kh7 13. Ng1 Ng8 14. Nge2 g6 15. Qd2 a6
16. f4 f6 17. f5 Bf7 18. fxg6+ Bxg6 19. Rf2 Kg7 20. Nd5 Rab8 21. g4 Bd8 22. Ng3
Ba5 23. Qc1 Nd4 24. Qa3 Nc6 25. Raf1 Rf7 26. Nf5+ Bxf5 27. Rxf5 Nge7 28. Rxf6
Rxf6 29. Nxf6 Qd8 30. Nh5+ Kh8 31. Bxh6 Ng8 32. Qc1 Qd7 33. Qg5 Re8 34. Bg7+
Kh7 35. Rf6 Nce7 36. Rh6+ 1-0

[Event "Open de Otoño Fundación CajaCanarias"]
[Site "Santa Cruz de Tenerife ESP"]
[Date "2014.11.14"]
[Round "9.4"]
[White "Molina Rodriguez, Borja"]
[Black "Ramos Aguilar, Jose Manuel"]
[Result "1-0"]
[WhiteElo "2140"]
[BlackElo "2103"]
[PlyCount "115"]
[EventDate "2014.10.27"]
[EventType "swiss"]
[EventRounds "9"]
[EventCountry "ESP"]
[Source "lmi"]
[SourceDate "2014.10.27"]

1. e4 c5 2. Nf3 e6 3. d4 cxd4 4. Nxd4 a6 5. Nc3 Qc7 6. Qf3 Nf6 7. Bg5 Be7 8.
O-O-O Nc6 9. Be2 d6 10. Qg3 Bd7 11. Be3 O-O 12. f4 Rac8 13. Kb1 Nxd4 14. Bxd4
Bc6 15. e5 dxe5 16. Bxe5 Qa5 17. Bd3 Rfd8 18. Rhe1 b5 19. Qh4 h6 20. Qg3 b4 21.
Ne4 Bxe4 22. Bxe4 Rxd1+ 23. Rxd1 Rd8 24. Bd3 Rd5 25. Rc1 Qb6 26. c4 bxc3 27.
Bxc3 Ne8 28. Bc4 Rd8 29. Qe1 Bf6 30. g4 Bxc3 31. Qxc3 Nd6 32. Bd3 Nb5 33. Bxb5
Qxb5 34. Qc6 Qd3+ 35. Ka1 Qd2 36. f5 exf5 37. gxf5 Rd6 38. Qc8+ Kh7 39. a3 Qxh2
40. Qe8 Qd2 41. Rc8 Qd1+ 42. Ka2 Qd5+ 43. Ka1 Qxf5 44. Qg8+ Kg6 45. Rc1 Qg5 46.
Qc8 Kh7 47. Rc5 Rd1+ 48. Ka2 Qg6 49. Rc6 Qb1+ 50. Kb3 Rd3+ 51. Ka4 Qd1+ 52. Ka5
Rd5+ 53. Rc5 Qd2+ 54. b4 Qc3 55. a4 h5 56. Kxa6 Rd6+ 57. Ka7 g6 58. Rxc3 1-0

[Event "Open de Otoño Fundación CajaCanarias"]
[Site "Santa Cruz de Tenerife ESP"]
[Date "2014.11.14"]
[Round "9.5"]
[White "Pinto Henriquez, Rodrigo"]
[Black "Thoene, Ruediger"]
[Result "1-0"]
[WhiteElo "2115"]
[BlackElo "1974"]
[PlyCount "99"]
[EventDate "2014.10.27"]
[EventType "swiss"]
[EventRounds "9"]
[EventCountry "ESP"]
[Source "lmi"]
[SourceDate "2014.10.27"]

1. d4 Nf6 2. c4 e6 3. Nf3 c5 4. d5 exd5 5. cxd5 b5 6. Bg5 h6 7. Bxf6 Qxf6 8.
Qd2 b4 9. e4 Bd6 10. Qc2 O-O 11. Nbd2 Re8 12. Bd3 Na6 13. O-O b3 14. axb3 Nb4
15. Qb1 Be5 16. Nc4 Bd4 17. e5 Qd8 18. Bh7+ Kh8 19. Be4 Ba6 20. Nd6 Rf8 21. Re1
f6 22. Nf5 fxe5 23. d6 Qf6 24. Rxa6 Nxa6 25. Bxa8 Rxa8 26. Qe4 Rb8 27. Ra1 Rb6
28. g4 Bxb2 29. Rb1 Rb4 30. Qa8+ Nb8 31. Rxb2 Rxg4+ 32. Ng3 e4 33. Qxb8+ Kh7
34. Ng5+ Rxg5 35. Re2 Qf3 36. Re3 Qd1+ 37. Kg2 Qd5 38. Qc7 h5 39. Qxd7 h4 40.
Qh3 Kg8 41. Qxh4 Rg6 42. Qxe4 Qxd6 43. Rd3 Qf6 44. Qd5+ Kh7 45. Qxc5 Rg5 46.
Qd4 Qg6 47. Qh4+ Kg8 48. Rd8+ Kf7 49. Qc4+ Ke7 50. Qc7+ 1-0

[Event "Open de Otoño Fundación CajaCanarias"]
[Site "Santa Cruz de Tenerife ESP"]
[Date "2014.11.14"]
[Round "9.6"]
[White "Lopez Pereyra, Antonio"]
[Black "Rodriguez Perez, Mauro"]
[Result "1-0"]
[WhiteElo "2108"]
[BlackElo "1941"]
[PlyCount "57"]
[EventDate "2014.10.27"]
[EventType "swiss"]
[EventRounds "9"]
[EventCountry "ESP"]
[Source "lmi"]
[SourceDate "2014.10.27"]

1. e4 e6 2. d4 d5 3. Nc3 Bb4 4. e5 c5 5. a3 Bxc3+ 6. bxc3 Qa5 7. Bd2 Qa4 8. h4
Nc6 9. h5 Nge7 10. h6 gxh6 11. Rxh6 cxd4 12. Nf3 dxc3 13. Bxc3 Qe4+ 14. Be2 Ng6
15. Kf1 Nf4 16. Bb5 a6 17. Bxc6+ bxc6 18. Bd2 a5 19. Bxf4 Ba6+ 20. Kg1 Qxf4 21.
Rh4 Qf5 22. Qd2 Rg8 23. Rf4 Qg6 24. g3 Bc4 25. Rb1 Rg7 26. Rb7 Kf8 27. Rxc4
dxc4 28. Qd6+ Kg8 29. Rb8+ 1-0

[Event "Open de Otoño Fundación CajaCanarias"]
[Site "Santa Cruz de Tenerife ESP"]
[Date "2014.11.14"]
[Round "9.8"]
[White "Paz Mendez, German Christopher"]
[Black "Evora Brondo, Jose Luis"]
[Result "0-1"]
[WhiteElo "1715"]
[BlackElo "1915"]
[PlyCount "80"]
[EventDate "2014.10.27"]
[EventType "swiss"]
[EventRounds "9"]
[EventCountry "ESP"]
[Source "lmi"]
[SourceDate "2014.10.27"]

1. d4 e6 2. c4 d5 3. Nf3 Nf6 4. Nc3 b6 5. cxd5 exd5 6. Qc2 Bb7 7. Bf4 Bd6 8.
Ne5 a6 9. e3 O-O 10. Bd3 h6 11. h4 c5 12. O-O-O cxd4 13. exd4 Nc6 14. Bf5 Qc7
15. Rhe1 Rfe8 16. Qe2 b5 17. Kb1 b4 18. Na4 Bc8 19. Bc2 Bd7 20. f3 Rac8 21. Bb3
Bf5+ 22. Ka1 Nxd4 23. Qd2 Nxb3+ 24. axb3 Bxe5 25. Rxe5 Rxe5 26. g4 Bd7 27. Qd4
Re4 28. Qxe4 dxe4 29. Bxc7 Rxc7 30. g5 hxg5 31. hxg5 Bxa4 32. bxa4 Nd7 33. fxe4
b3 34. Kb1 Kf8 35. Rd6 Nc5 36. e5 Ke7 37. a5 Rd7 38. Rxd7+ Kxd7 39. Kc1 Nd3+
40. Kd2 Nxe5 0-1

[Event "Open de Otoño Fundación CajaCanarias"]
[Site "Santa Cruz de Tenerife ESP"]
[Date "2014.11.14"]
[Round "9.9"]
[White "Rodriguez Redondo, Ethan"]
[Black "Rodriguez Redondo, Adhara"]
[Result "0-1"]
[WhiteElo "1729"]
[BlackElo "1510"]
[PlyCount "83"]
[EventDate "2014.10.27"]
[EventType "swiss"]
[EventRounds "9"]
[EventCountry "ESP"]
[Source "lmi"]
[SourceDate "2014.10.27"]

1. e4 e5 2. Nf3 Nc6 3. d4 exd4 4. Nxd4 Bc5 5. Nb3 Bb6 6. a4 a5 7. Nc3 Nf6 8.
Bg5 h6 9. Bh4 d6 10. Be2 Be6 11. Nd2 Ne5 12. Bg3 Qe7 13. Bb5+ c6 14. Be2 h5 15.
h4 Neg4 16. Nf3 Rd8 17. O-O O-O 18. Ng5 Bc8 19. Bf3 d5 20. exd5 cxd5 21. Qd3 g6
22. Rad1 Bf5 23. Qb5 d4 24. Qxb6 dxc3 25. bxc3 Bxc2 26. Bd6 Qd7 27. Bxf8 Bxd1
28. Qxb7 Qxb7 29. Bxb7 Kxf8 30. Bf3 Bxf3 31. gxf3 Ne5 32. Rb1 Rd3 33. Rb5 Nxf3+
34. Nxf3 Rxf3 35. Rxa5 Rxc3 36. Ra8+ Ke7 37. Kg2 Ra3 38. a5 Nd5 39. Ra7+ Kf8
40. a6 Nb4 41. Ra8+ Kg7 42. a7 0-1

[Event "Open de Otoño Fundación CajaCanarias"]
[Site "Santa Cruz de Tenerife ESP"]
[Date "2014.11.14"]
[Round "9.10"]
[White "De Castro De Leon, Jorge"]
[Black "Ruiz Yanes, Jose David"]
[Result "1-0"]
[WhiteElo "1630"]
[BlackElo "1487"]
[PlyCount "55"]
[EventDate "2014.10.27"]
[EventType "swiss"]
[EventRounds "9"]
[EventCountry "ESP"]
[Source "lmi"]
[SourceDate "2014.10.27"]

1. e4 c5 2. Nf3 d6 3. d4 cxd4 4. Nxd4 Nf6 5. Nc3 g6 6. f3 Bg7 7. Bc4 O-O 8. Be3
Nc6 9. Qd2 Bd7 10. O-O-O Rc8 11. Bb3 Nxd4 12. Bxd4 b5 13. g4 a5 14. a3 b4 15.
axb4 axb4 16. Nd5 Nxd5 17. exd5 Qa5 18. Qe3 Ba4 19. Bxg7 Kxg7 20. h4 Bxb3 21.
Qxb3 Rc5 22. h5 Rfc8 23. hxg6 Rxc2+ 24. Kb1 hxg6 25. Qe3 R8c4 26. Qh6+ Kf6 27.
Qh4+ Kg7 28. Qh8# 1-0

[Event "Open de Otoño Fundación CajaCanarias"]
[Site "Santa Cruz de Tenerife ESP"]
[Date "2014.11.14"]
[Round "9.12"]
[White "Medina Sanchez, Gines"]
[Black "Hernandez Leon, Sergio"]
[Result "1-0"]
[WhiteElo "1740"]
[BlackElo "2075"]
[PlyCount "59"]
[EventDate "2014.10.27"]
[EventType "swiss"]
[EventRounds "9"]
[EventCountry "ESP"]
[Source "lmi"]
[SourceDate "2014.10.27"]

1. e4 c5 2. b3 d6 3. Bb2 e5 4. Nc3 g6 5. Bc4 Bg7 6. Nd5 Nc6 7. Ne2 Nge7 8. O-O
a6 9. a4 Na5 10. f4 Nxc4 11. bxc4 O-O 12. fxe5 dxe5 13. Nec3 Be6 14. Ba3 Qd6
15. a5 f5 16. d3 Nxd5 17. cxd5 Bd7 18. Rb1 Qc7 19. Rb6 Rf6 20. Qb1 Rxb6 21.
axb6 Qd6 22. Ne2 a5 23. c4 Ra6 24. Qe1 a4 25. Qf2 Bf8 26. exf5 gxf5 27. Ng3
Rxb6 28. Nxf5 Bxf5 29. Qxf5 Qe7 30. d6 1-0

[Event "Open de Otoño Fundación CajaCanarias"]
[Site "Santa Cruz de Tenerife ESP"]
[Date "2014.11.14"]
[Round "9.13"]
[White "Guniaeva, Olga"]
[Black "Garcia Rodriguez, Pedro Leopol"]
[Result "1/2-1/2"]
[WhiteElo "1685"]
[BlackElo "1927"]
[PlyCount "109"]
[EventDate "2014.10.27"]
[EventType "swiss"]
[EventRounds "9"]
[EventCountry "ESP"]
[Source "lmi"]
[SourceDate "2014.10.27"]

1. d4 Nf6 2. c4 c5 3. Nf3 cxd4 4. Nxd4 g6 5. Nc3 Bg7 6. Bg5 O-O 7. e3 Nc6 8.
Be2 Qa5 9. Bh4 Ne4 10. Qd3 Nxc3 11. Qxc3 Qxc3+ 12. bxc3 a6 13. O-O Re8 14. Rac1
d6 15. Rfd1 Bd7 16. Nb3 Be6 17. c5 Bxb3 18. axb3 dxc5 19. Rd7 Rab8 20. Bf3 Ne5
21. Rxe7 Nxf3+ 22. gxf3 Rxe7 23. Bxe7 b6 24. Kf1 Rb7 25. Bh4 Rd7 26. Ke2 c4 27.
bxc4 a5 28. c5 bxc5 29. c4 a4 30. Rc2 a3 31. Ra2 Bb2 32. f4 Rb7 33. f3 Rb4 34.
Kd3 f5 35. Be1 Rb3+ 36. Ke2 Bc1 37. Kd1 Bxe3 38. Kc2 Rb2+ 39. Rxb2 axb2 40.
Kxb2 Bxf4 41. h3 Be5+ 42. Kc2 Kf7 43. Kd3 Kf6 44. Bf2 Bd6 45. h4 h6 46. Be1 g5
47. hxg5+ hxg5 48. Bc3+ Be5 49. Bd2 Kg6 50. Be3 Bd6 51. Bf2 Kh5 52. Ke3 g4 53.
f4 Be7 54. Ke2 Bd6 55. Ke3 1/2-1/2

[Event "Open de Otoño Fundación CajaCanarias"]
[Site "Santa Cruz de Tenerife ESP"]
[Date "2014.11.14"]
[Round "9.14"]
[White "Martin Ortega, Oscar"]
[Black "Sanchez Martin, Jacobo"]
[Result "1-0"]
[WhiteElo "1909"]
[BlackElo "1801"]
[PlyCount "41"]
[EventDate "2014.10.27"]
[EventType "swiss"]
[EventRounds "9"]
[EventCountry "ESP"]
[Source "lmi"]
[SourceDate "2014.10.27"]

1. e4 d5 2. exd5 Qxd5 3. Nc3 Qa5 4. d4 e5 5. Nf3 Bg4 6. Bb5+ c6 7. Be2 Nd7 8.
Nxe5 Nxe5 9. Bxg4 Nc4 10. Qe2+ Be7 11. Qxc4 Nf6 12. Bf3 O-O 13. O-O Rad8 14.
Be3 h5 15. a3 g5 16. b4 Qf5 17. Qd3 Qxd3 18. cxd3 g4 19. Be4 Nd7 20. Bf5 Nb6
21. f3 1-0

[Event "Open de Otoño Fundación CajaCanarias"]
[Site "Santa Cruz de Tenerife ESP"]
[Date "2014.11.14"]
[Round "9.15"]
[White "Marichal Miranda, Diego"]
[Black "Brito Rodriguez, Cristian"]
[Result "0-1"]
[WhiteElo "1431"]
[BlackElo "1389"]
[PlyCount "68"]
[EventDate "2014.10.27"]
[EventType "swiss"]
[EventRounds "9"]
[EventCountry "ESP"]
[Source "lmi"]
[SourceDate "2014.10.27"]

1. d4 e6 2. c4 f5 3. Nc3 Nf6 4. Nf3 d5 5. Bf4 Bd6 6. Bxd6 Qxd6 7. cxd5 exd5 8.
e3 O-O 9. Bd3 c6 10. Ne5 Ne4 11. f3 Ng5 12. h4 Nf7 13. f4 Nxe5 14. dxe5 Qg6 15.
Qe2 Nd7 16. O-O-O Nc5 17. Bc2 Ne4 18. Nxe4 fxe4 19. Rdg1 Bg4 20. Qe1 b5 21. Bd1
a5 22. h5 Qf5 23. Qh4 Bxd1 24. Kxd1 c5 25. Rh3 b4 26. Rg3 a4 27. h6 g6 28. Rg5
Qf7 29. f5 Ra6 30. e6 Qf6 31. e7 Re8 32. Rxg6+ hxg6 33. h7+ Kh8 34. Qh6 gxf5
0-1

[Event "Open de Otoño Fundación CajaCanarias"]
[Site "Santa Cruz de Tenerife ESP"]
[Date "2014.11.14"]
[Round "9.16"]
[White "Febles Dominguez, Alfonso Jesu"]
[Black "Darias Darias, Luis"]
[Result "0-1"]
[WhiteElo "1379"]
[BlackElo "1819"]
[PlyCount "120"]
[EventDate "2014.10.27"]
[EventType "swiss"]
[EventRounds "9"]
[EventCountry "ESP"]
[Source "lmi"]
[SourceDate "2014.10.27"]

1. e4 d5 2. exd5 Qxd5 3. Nc3 Qa5 4. Bc4 Nf6 5. Nf3 Bg4 6. O-O e6 7. Re1 Nbd7 8.
Qe2 c6 9. Qe3 Bc5 10. d4 Bxf3 11. dxc5 Bg4 12. Bd2 Qxc5 13. Bb3 O-O 14. Qg3 Bf5
15. Be3 Qa5 16. a3 Bg6 17. Bd4 Rfe8 18. Rad1 b5 19. Qd6 Rac8 20. Be3 c5 21. Nb1
c4 22. Bd2 Qd8 23. Ba2 Bxc2 24. Rc1 Bd3 25. Bg5 Qc7 26. Qa6 Ng4 27. g3 Qc5 28.
Be3 Nxe3 29. Rxe3 Qb6 30. Qxb6 Nxb6 31. Nc3 a6 32. Bb1 Nd5 33. Nxd5 exd5 34.
Bxd3 cxd3 35. Rxc8 Rxc8 36. Rxd3 Rd8 37. Rd4 Kf8 38. b4 Ke7 39. f4 Kd6 40. h4
h5 41. Kf2 Rc8 42. Rd3 Rc1 43. Kf3 f5 44. Ke3 Re1+ 45. Kf2 Re4 46. Rc3 d4 47.
Rc8 Re7 48. Rd8+ Rd7 49. Ra8 Kd5 50. Rxa6 Re7 51. Rb6 Kc4 52. Rd6 Re3 53. Rc6+
Kb3 54. Rc5 Kxa3 55. Rxb5 Rb3 56. Rb8 Rxb4 57. Rxb4 Kxb4 58. Ke2 Kc3 59. Kd1
Kd3 60. Ke1 Kc2 0-1

[Event "Open de Otoño Fundación CajaCanarias"]
[Site "Santa Cruz de Tenerife ESP"]
[Date "2014.11.14"]
[Round "9.17"]
[White "Chirinos Rodriguez, Jonathan E"]
[Black "Hernandez Estevez, Andres Davi"]
[Result "1/2-1/2"]
[WhiteElo "1538"]
[BlackElo "1296"]
[PlyCount "73"]
[EventDate "2014.10.27"]
[EventType "swiss"]
[EventRounds "9"]
[EventCountry "ESP"]
[Source "lmi"]
[SourceDate "2014.10.27"]

1. e4 d5 2. exd5 Qxd5 3. Nc3 Qa5 4. d4 Nf6 5. Nf3 Bg4 6. h3 Bxf3 7. Qxf3 c6 8.
Bd2 Qb6 9. O-O-O e6 10. Bg5 Nbd7 11. Bc4 Bd6 12. Rhe1 O-O-O 13. Bb3 h6 14. Be3
Qa5 15. Ne4 Nxe4 16. Qxe4 Nf6 17. Qf3 Rd7 18. c4 Rhd8 19. Bd2 Bb4 20. Bc3 Rxd4
21. Bxd4 Bxe1 22. Qe3 Bb4 23. Bxa7 Rxd1+ 24. Kxd1 c5 25. a3 Bxa3 26. bxa3 Qxa7
27. Bc2 b6 28. Qg3 Qd7+ 29. Kc1 Qd4 30. Qxg7 Qa1+ 31. Bb1 Qc3+ 32. Kd1 Qd4+ 33.
Ke1 Qc3+ 34. Ke2 Qb2+ 35. Kf3 Qc3+ 36. Ke2 Qb2+ 37. Kf3 1/2-1/2